| 000 | 00480nam a2200181Ia 4500 | ||
|---|---|---|---|
| 001 | 24226 | ||
| 005 | 20260414151029.0 | ||
| 008 | 260414t2017||||xx |||||||||||||| ||spa|| | ||
| 041 | _aESP | ||
| 082 |
_a345.112 _bL16 |
||
| 100 |
_aLago Montejo, Vicente _eAUT |
||
| 245 | 0 |
_aLa práctica de la investigación criminal : _binspección técnico ocular (ITO) |
|
| 260 | _c2017 | ||
| 300 |
_a181 páginas : _c21 cm. |
||
| 650 | _aFIP | ||
| 654 | _aCDE | ||
| 942 |
_cLIB _dJUS _fJUS _2ddc _n |
||
| 999 |
_c24226 _d24226 |
||